[Event "Dublin Irish op"]
[Site "Dublin"]
[Date "2019.04.17"]
[Round "1"]
[White "Murphy, Sean1111"]
[Black "Doyle, Peter"]
[Result "1-0"]
[WhiteElo "1853"]
[BlackElo "1420"]
[PlyCount "55"]
[EventDate "2019.04.17"]
[EventType "swiss"]
[EventRounds "9"]
[EventCountry "IRL"]
[SourceTitle "CBM 189 Extra"]
[Source "ChessBase"]
[SourceDate "2019.06.03"]
[SourceVersion "1"]
[SourceVersionDate "2019.06.03"]
[SourceQuality "1"]

1. d4 e6 2. Nc3 Nf6 3. Bf4 Bb4 4. e3 Bxc3+ 5. bxc3 Nd5 6. c4 Nxf4 7. exf4 b6 8. Nf3 Qf6 9. Qd2 Bb7 10. Be2 c5 11. c3 0-0 12. 0-0 Nc6 13. d5 Ne7 14. Ne5 Rad8 15. Bf3 exd5 16. Ng4 Qd6 17. cxd5 Ba6 18. Rfe1 Qg6 19. Rxe7 Qd3 20. Qxd3 Bxd3 21. Ne5 Bc2 22. d6 Ba4 23. Bd5 Bc6 24. Bxf7+ Rxf7 25. Rxf7 g6 26. Re1 b5 27. Nxc6 dxc6 28. Rxa7 1-0